| 000 | 00351 a2200157 4500 | ||
|---|---|---|---|
| 001 | 16055 | ||
| 020 | _a9788572383639 | ||
| 040 | _cAnchieta - Bela Vista | ||
| 100 | _aCoelho,Sônia Castro | ||
| 240 | 1 | 0 |
_aPor que crescer? _lpor |
| 245 | 1 | 0 | _aPor que crescer? |
| 300 | _a36 | ||
| 362 | 0 | _a2008 | |
| 650 | 4 | _aLiteratura infanto-juvenil | |
| 942 | _cBK | ||
| 999 |
_c16055 _d16055 |
||